| 000 | 00853nam a2200253 a 4500 | ||
|---|---|---|---|
| 999 |
_c2251 _d2251 |
||
| 008 | 200228s2014 ii a|||| m|||a00| 0 eng d | ||
| 040 |
_aKO _beng |
||
| 041 | 0 | _aeng | |
| 044 | _aii | ||
| 082 | 0 | 4 |
_223 _a378.242 _bPRM1210 |
| 100 | 1 |
_aTom, Manu _eResearcher |
|
| 245 | 1 | 2 |
_aA Study on Warehouse Operations and Inventory Optimization on Cambridge Apparels Ltd, Mumbai / _cManu Tom ; Guide Dr. Emil Mathew |
| 260 |
_aKochi : _bIndian Maritime University, _c2014 |
||
| 300 |
_a53 p. : _bill. ; _c29 cm. |
||
| 490 | 0 |
_aMBA Project 2012-14 ; _v12500081010 |
|
| 502 | _aProject (MBA)–Indian Maritime University. School of Maritime Management, 2014. | ||
| 650 | 0 | _aWarehouses | |
| 650 | 0 | _aInventory control | |
| 655 | 7 |
_2lcsh _aDissertations, Academic _y2014 |
|
| 700 | 1 |
_aMathew, Emil _cDr. _eGuide |
|
| 904 | _aReshma_R | ||
| 942 | _cTH | ||